Návrh LAN siete s elektronickou poštou a prístupom na internet = Project of LAN network with electronic mail and internet access : Bakalárska práca

Gespeichert in:
Bibliographische Detailangaben
1. Verfasser: Lacko, Roman (Verfasst von)
Weitere Verfasser: Barančík, Rastislav (xxx)
Format: Manuskript Buch
Sprache:Slowakisch
Veröffentlicht: Trnava : STU v Bratislave MTF UIAM, 2007
Tags: Tag hinzufügen
Keine Tags, Fügen Sie das erste Tag hinzu!

MARC

LEADER 00000ntm a22000003a 4500
001 stu152651
005 20160719155730.4
008 071128s2007----xo------------------slo-d
040 |a STU  |b slo 
041 0 |a slo 
044 |a xo 
100 1 |a Lacko, Roman  |4 aut 
245 1 |a Návrh LAN siete s elektronickou poštou a prístupom na internet = Project of LAN network with electronic mail and internet access :  |b Bakalárska práca 
260 |a Trnava :  |b STU v Bratislave MTF UIAM,  |c 2007 
300 |a 46 s  |c príl., 1 CD-ROM 
500 |a Program: Aplikovaná informatika a automatizácia v priemysle 
700 1 |a Barančík, Rastislav  |4 xxx